CabaretEros: (Record no. 136616)

MARC details
000 -CABECERA
campo de control de longitud fija 00897nam a2200277 a 4500
001 - NÚMERO DE CONTROL
campo de control 991033446029706706
003 - IDENTIFICADOR DEL NÚMERO DE CONTROL
campo de control ES-BaIT
005 - FECHA Y HORA DE LA ÚLTIMA TRANSACCIÓN
campo de control 20251002095537.0
008 - DATOS DE LONGITUD FIJA--INFORMACIÓN GENERAL
campo de control de longitud fija 110530|---- sp |||||||||||||| ||spa|c
020 ## - NÚMERO INTERNACIONAL ESTÁNDAR DEL LIBRO
Número Internacional Estándar del Libro 9788496837140
035 ## - NÚMERO DE CONTROL DEL SISTEMA
Número de control de sistema (ES-BaCBU).b48978607
040 ## - FUENTE DE LA CATALOGACIÓN
Centro catalogador/agencia de origen ES-BaCBU
Lengua de catalogación cat
Centro/agencia transcriptor ES-BaCBU
080 ## - NÚMERO DE LA CLASIFICACIÓN DECIMAL UNIVERSAL
Número de la Clasificación Decimal Universal 860-2"20"
100 1# - ENTRADA PRINCIPAL--NOMBRE DE PERSONA
Nombre de persona Solo, Ángel,
Fechas asociadas al nombre 1964-
9 (RLIN) 98787
245 10 - MENCIÓN DE TÍTULO
Título CabaretEros:
Resto del título (Irma y Ariadna)/
Mención de responsabilidad, etc. Ángel Solo
250 ## - MENCIÓN DE EDICIÓN
Mención de edición 1ª ed.
260 ## - PUBLICACIÓN, DISTRIBUCIÓN, ETC.
Lugar de publicación, distribución, etc. [Madrid] :
Nombre del editor, distribuidor, etc. Comunidad de Madrid. Consejería de educación y cultura :
-- Asociación de autores de teatro,
Fecha de publicación, distribución, etc. DL 2009
300 ## - DESCRIPCIÓN FÍSICA
Extensión 83 p.
500 ## - NOTA GENERAL
Nota general P3: H3 i altres
650 #0 - PUNTO DE ACCESO ADICIONAL DE MATERIA--TÉRMINO DE MATERIA
Término de materia o nombre geográfico como elemento de entrada Transvestits
Subdivisión general Textos dramàtics
9 (RLIN) 167329
830 ## - PUNTO DE ACCESO ADICIONAL DE SERIE-TÍTULO UNIFORME
Título uniforme Damos la palabra.
Nombre de parte o sección de la obra Textos
Designación de volumen o secuencia 53
9 (RLIN) 75788
907 ## - ELEMENTOS DE DATOS G LOCAL, LDG (RLIN)
a .b48978607
b 11-12-19
c 30-05-11
d 30-05-11
e m
f a
g -
h spa
i sp
j 0
k 0
908 ## - COLOCAR PARÁMETRO DE COMANDO (RLIN)
Colocar parámetro de comando UPF
-- CDMAE
940 ## - EQUIVALENCIA O REFERENCIA-CRUZADA--TÍTULO UNIFORME [OBSOLETO] [solamente CAN/MARC]
Título uniforme <a href="UPF">UPF</a>
942 ## - ELEMENTOS DE ENTRADA AGREGADA (KOHA)
Fuente del sistema de clasificación o colocación Clasificación decimal universal
Tipo de ítem Koha Llibre
Holdings
Estado de retiro Estado de pérdida Fuente del sistema de clasificación o colocación Estado dañado No para préstamo Localización permanente Ubicación/localización actual Ubicación en estantería Fecha de adquisición Fuente de adquisición Total de préstamos Signatura topográfica completa Código de barras Fecha visto por última vez Precio válido a partir de Tipo de ítem Koha
    Clasificación decimal universal     Biblioteca Barcelona Biblioteca Barcelona BCN Lliure Accés 02/10/2025 Donatiu   860 SOL cab 1900089274 02/10/2025 02/10/2025 Llibre

Powered by Koha